| 000 | 01164nam a22003497a 4500 | ||
|---|---|---|---|
| 003 | CHAP | ||
| 005 | 20220329133654.0 | ||
| 008 | 971013s1968 r 00010 d | ||
| 010 | _a9315 | ||
| 011 | _a10287 | ||
| 035 | _a9524 | ||
| 040 | _cCHAP | ||
| 082 |
_a574.072 _bA27 |
||
| 100 | 0 | 0 |
_aAbramoff, Peter. _9303 |
| 245 |
_aInvestigations of cells and organisms _b: a laboratory study in biology |
||
| 260 |
_aEnglewood Cliffs : _bPrentice-Hall, _c1968 |
||
| 300 |
_a390 p. _b: ilus. |
||
| 490 | _aFoundations of biology program | ||
| 590 |
_aBATCH-UPD _b10 _c20130110 _lUCH01 _h1349 |
||
| 590 |
_aBATCH-UPD _b10 _c20130409 _lUCH01 _h1906 |
||
| 590 |
_aBATCH-UPD _b10 _c20130410 _lUCH01 _h0846 |
||
| 590 |
_aBATCH-UPD _b10 _c20130914 _lUCH01 _h0632 |
||
| 590 |
_aCONVERSION _b10 _c20130109 _lUCH01 _h1306 |
||
| 650 | 1 | 4 |
_aBiología _xManuales de laboratorio. _912792 |
| 650 | 1 | 4 |
_aCitología. _923489 |
| 650 | 1 | 4 |
_aDiferenciación (Biología) _932557 |
| 700 | 0 |
_aThomson, Robert G. _9112952 |
|
| 830 | 0 |
_aFoundations of biology program _942756 |
|
| 901 | _aBK | ||
| 942 | _cLIBRO | ||
| 949 |
_a574.072 A27 _bBC _cLIBRO _d33724000527586 _eLIBRO _h14360 _i9524 _mD _si _t63.00 |
||
| 999 |
_c9315 _d9315 |
||